| 000 | 00926nam a2200241 a 4500 | ||
|---|---|---|---|
| 001 | 84437 | ||
| 003 | BD-RjUL | ||
| 005 | 20241204115539.0 | ||
| 008 | 241204s1982 bg ||||| |||| 00| 0 ben d | ||
| 035 | _a(BD-RjUL)84437 | ||
| 040 |
_aBD-RjUL _beng _cBD-RjUL |
||
| 041 | _aben | ||
| 082 |
_223 _a025.3 _bALA 1982 |
||
| 100 |
_aআলী, মোহাম্মদ সাদাত _914561 |
||
| 245 |
_aআধুনিক ক্যাটালগিং ও বিষয় শিরোনাম / _cমোহাম্মদ সাদাত আলী |
||
| 260 |
_aঢাকা : _bবুকস এন্ড সার্ভিসেস ইন্টারন্যাশনাল , _c১৯৮২ |
||
| 300 |
_a১২৮ পৃ.; _c২১ সেমি. |
||
| 650 | _aCataloging | ||
| 650 |
_aক্যাটালগিং _914564 |
||
| 650 |
_aক্যাটালগ _914565 |
||
| 650 |
_aCatalogs _914562 |
||
| 942 |
_2ddc _cBK |
||
| 999 |
_c84437 _d84437 |
||